| 000 | 00453nam a22001697a 4500 | ||
|---|---|---|---|
| 005 | 20250516123715.0 | ||
| 008 | 250516b |||||||| |||| 00| 0 eng d | ||
| 020 | _a978-93-6616-977-4 | ||
| 082 | _a612.15 R5 | ||
| 100 | _aShuchi Goyal | ||
| 245 | _aPractical Biochemistry with Clinical Correlation | ||
| 250 | _a2nd | ||
| 260 |
_bJaypee Brothers Medical Publishers _c2025 |
||
| 650 |
_vPhysiotherapy _xBiochemistry |
||
| 942 | _cBK | ||
| 999 |
_c249192 _d249192 |
||